000 00208nam a2200097Ia 4500
008 220204s9999 xx 000 0 und d
082 _bFAO
245 0 _aCoffee
490 _aBetter farming series
942 _cBK
999 _c41000
_d41000